Statistiques concernant Culture Générale - Série 668

Cliquez ici pour prendre le quiz!

Statistiques générales

  • Ce quiz a été pris 140 fois
  • Le résultat moyen est 5 sur 10

Statistiques - réponses

QuestionRéponse% Correct
Comment les Belges écriraient-ils "septante" en chiffres romains ?LXX
75%
Quel chanteur est l'interprète de la chanson “Laisse-moi t'aimer”, en 1970 ?Mike Brant
65%
Selon l'expression, lorsque l'on vit de façon excessive, que "brûle-t-on par les deux bouts" ?chandelle
62%
Quel mot désigne à la fois un aplomb excessif, et la partie d'une lampe qui se fixe sur la douille ?culot
55%
En 2005, dans quel château se sont mariés le prince Charles et Camilla Parker Bowles ?Windsor
53%
Quel héros grec a capturé les juments de Diomède, friandes de chair humaine ?Héraclès
48%
Avec quel chanteur Garou a-t-il enregistré en duo : "La Rivière de notre enfance" ?Michel Sardou
42%
D'après la fable de La Fontaine "Le Chat et un vieux Rat", de quoi la méfiance est-elle mère ?de sûreté
40%
Quel auteur publie en 1826 : "Le Dernier des Mohicans" ?James Fenimore Cooper
16%
Dans la mythologie germanique, quel nom désigne le séjour des guerriers les plus valeureux tués au combat ?Walhalla
12%

Distribution des résultats

Percentile par nombre de réponses

% des personnes avec chaque résultat

Votre développement - résultats

Vous n’avez pas pris ce quiz